| 000 -LEADER |
| fixed length control field |
00619pam a2200193 i 4500 |
| 005 - DATE AND TIME OF LATEST TRANSACTION |
| control field |
20131029102334.0 |
| 008 - FIXED-LENGTH DATA ELEMENTS--GENERAL INFORMATION |
| fixed length control field |
750416s1975 nyua b 001 0 eng |
| 020 ## - INTERNATIONAL STANDARD BOOK NUMBER |
| International Standard Book Number |
0442280742 |
| 080 ## - UNIVERSAL DECIMAL CLASSIFICATION NUMBER |
| Universal Decimal Classification number |
303.732.4 |
| 100 1# - Rafti |
| Rafti |
Sutherland, John W. |
| 245 10 - TITLE STATEMENT |
| Title |
Systems : |
| Statement of responsibility, etc |
John W. Sutherland. |
| 260 ## - |
| -- |
New York : |
| -- |
Van Nostrand Reinhold Co., |
| -- |
[1975] |
| 300 ## - |
| -- |
xxiv, 339 p. : |
| -- |
ill. ; |
| -- |
23 cm. |
| 500 ## - |
| -- |
Preface : f. IX-XVI |
| 504 ## - BIBLIOGRAPHY, ETC. NOTE |
| Bibliography, etc |
Includes bibliographical references and index. |
| 650 #0 - |
| -- |
Analiza e sistemeve |
| 650 #0 - |
| -- |
Shkenca shoqërore |
| 942 ## - ADDED ENTRY ELEMENTS (KOHA) |
| Source of classification or shelving scheme |
|
| Item type |
Books |